12 Most Famous Cities in Cambodia on a Map - Statistics

General Stats
  • This quiz has been taken 76 times
  • The average score is 4 of 12
Answers on the Map
Answers color-coded by a green-red scale on the quiz's map according to % correct below.
 
Answer Stats
Wiki Monthly Views Cityquiz Mention Rate Population Answers % Correct
83.86K 37.96% 2189.46K Phnom Penh
100%
26.75K 6.00% 225.61K Siem Reap
87%
15.64K 1.99% 71.08K Sihanoukville
48%
7.33K 1.94% 151.83K Battambang
46%
4.35K 0.32% 79.47K Poipet
30%
3.57K 0.48% 41.19K Kampot
24%
4.39K - 4.00K Koh Rong
22%
2.20K 0.54% 54.48K Kampong Cham
19%
1.64K 0.21% 78.84K Serei Saophoan
19%
1.53K 0.19% 91.34K Ta Khmau
15%
1.13K 0.25% 27.28K Kratié
13%
2.11K - 18.46K Anlong Veng
6%
No matching quizzes found
Score Distribution
Percent of People with Each Score
Percentile by Number Answered
Your Score History
You have not taken this quiz